00315nam a22001097a 450000500170000002000180001708200180003510000360005324500790008926000280016830000090019620260225144340.0 a81-969808-5-X a579.8177RAN/H aRani,Bina and Mohan,Lalit et al aHealthcare Attributes of Marine Algae/cby Bina Rani and Lalit Mohan et al a.-Newdelhib:DPHc,2025 a247p